000 00836nam a22002537a 4500
999 _c436045
_d436045
001 37521
003 UA-OsUOA
005 20191220103936.0
007 ta
008 20070325b un ||||| |||| 00| 0 ukr d
040 _aUA-OsUOA
_bukr
_cUA-OsUOA
_dUA-OsUOA
041 _aukr
080 _a930.1
090 _a930.1
_bЗ-12
100 _aЗабаревський М.
245 _aВячеслав Липинський і його думки про українську націю і державу
260 _aАугсбург
300 _a51 с.
650 7 _a930 Історична наука. Допоміжні історичні дисципліни
_2UDC
942 _cBK
_2udc
955 _a1